000 00746nam a2200253 a 4500
001 vtls000968153
003 NLI
005 20210627095150.0
008 120112s1863 enk 000 0 eng
039 9 _y201201121754
_zEntertech_02
040 0 _aNLI
_beng
_cEntertech-2011
_eAACR2
041 0 _aeng
044 _aenk
084 _a104.G.13
100 1 _aButler, Samuel,
_d1835-1902
_9802889
245 1 2 _aA first year Canterbury settlement /
_cSamuel Butler
260 _aLondon :
_bLongman green,
_c1863
300 _ax, 162 p. ;
_c20 cm.
651 0 _aCanterbury, N.Z. (District)
_xDescription and travel
_9865839
887 _a
901 _aIMP55423 :
_b19.08.2010
902 _a104.G.13
999 _aVIRTUA
_c793201
_d793201
942 _2ddc
_cBKS